Statistics for Fifa 18 80+ Premier League Players

Click here to take the quiz!

General Stats

  • This quiz has been taken 45 times
  • The average score is 72 of 146

Answer Stats

ClubNationRatingPlayer% Correct
Manchester UnitedChile89Alexis Sanchez
100%
Tottenham HotspurColombia81Davinson Sanchez
100%
ChelseaBelgium91Eden Hazard
100%
Tottenham HotspurEngland88Harry Kane
100%
Manchester CityBelgium91Kevin De Bruyne
100%
Manchester UnitedFrance88Paul Pogba
97%
Manchester UnitedBelgium86Romelu Lukaku
97%
ChelseaBelgium89Thibaut Courtois
97%
Leicester CityPortugal83Adrien Silva
93%
Manchester CityPortugal84Bernardo Silva
93%
Tottenham HotspurDenmark88Christian Eriksen
93%
Manchester UnitedSpain91David De Gea
93%
Manchester CitySpain89David Silva
93%
Tottenham HotspurFrance88Hugo Lloris
93%
LiverpoolEgypt85Mohamed Salah
93%
Manchester CityArgentina89Sergio Aguero
93%
Tottenham HotspurEngland84Dele Alli
90%
ArsenalGermany88Mesut Ozil
90%
ChelseaFrance88N'Golo Kante
90%
ArsenalGabon88Pierre-Emerick Aubameyang
90%
Tottenham HotspurSouth Korea83Heung-Min Son
83%
LiverpoolSenegal84Sadio Mane
80%
ArsenalArmenia85Henrikh Mkhitaryan
77%
ArsenalCzech Republic86Petr Cech
77%
LiverpoolBrazil84Roberto Firmino
77%
Manchester CityBelgium85Vincent Kompany
77%
ArsenalFrance85Alexandre Lacazette
73%
ChelseaBrazil86David Luiz
73%
Manchester CityBrazil85Fernandinho
73%
Tottenham HotspurBelgium85Jan Vertonghen
73%
Manchester UnitedSerbia84Nemanja Matic
73%
Manchester CityArgentina85Nicolas Otamendi
73%
Manchester CityAlgeria84Riyad Mahrez
73%
ChelseaBrazil84Willian
73%
LiverpoolEngland82Jordan Henderson
70%
Manchester UnitedSpain84Juan Mata
70%
Manchester CityEngland84Kyle Walker
70%
Manchester CityGermany84Leroy Sane
70%
ChelseaSpain86Cesar Azpilicueta
67%
Manchester UnitedIvory Coast84Eric Bailly
67%
Manchester CityBrazil83Gabriel Jesus
67%
Leicester CityEngland81Jamie Vardy
67%
Manchester CityEngland84Raheem Sterling
67%
Tottenham HotspurBelgium86Toby Alderweireld
67%
LiverpoolSwitzerland82Xherdan Shaqiri
67%
LiverpoolHolland83Virgil Van Dijk
63%
ChelseaSpain85Alvaro Morata
60%
ChelseaSpain86Cesc Fabregas
60%
LiverpoolCroatia81Dejan Lovren
60%
Tottenham HotspurEngland82Eric Dier
60%
Manchester CityGermany85Ilkay Gundogan
60%
ArsenalWales82Aaron Ramsey
57%
Manchester UnitedEcuador83Antonio Valencia
57%
West Ham UnitedMexico82Javier Hernandez
57%
ChelseaSpain82Marcos Alonso
57%
LiverpoolGuinea83Naby Keita
57%
Manchester CityIvory Coast83Yaya Toure
57%
LiverpoolCameroon83Joel Matip
53%
Leicester CityDenmark83Kasper Schmeichel
53%
Tottenham HotspurBelgium82Mousa Dembele
53%
ChelseaFrance82Olivier Giroud
53%
Manchester UnitedEngland81Phil Jones
53%
Tottenham HotspurKenya82Victor Wanyama
53%
Manchester UnitedEngland81Chris Smalling
50%
ChelseaEngland84Gary Cahill
50%
Manchester UnitedEngland81Marcus Rashford
50%
ArsenalGermany84Shkodran Mustafi
50%
Manchester UnitedSpain84Ander Herrera
47%
ArsenalSpain81Hector Bellerin
47%
ArsenalFrance84Laurent Koscielny
47%
Tottenham HotspurBrazil82Lucas Moura
47%
ArsenalGermany81Per Mertesacker
47%
ArsenalSpain83Santi Cazorla
47%
LiverpoolEngland83Adam Lallana
43%
Manchester UnitedFrance83Anthony Martial
43%
Manchester CityBrazil84Ederson
43%
EvertonIceland82Gylfi Sigurdsson
43%
West Ham UnitedAustria82Marko Arnautovic
43%
ChelseaSpain84Pedro
43%
Crystal PalaceIvory Coast82Wilfried Zaha
43%
ChelseaDenmark82Andreas Christensen
40%
ChelseaGermany82Antonio Rudiger
40%
LiverpoolEngland82Daniel Sturridge
40%
Tottenham HotspurEngland82Danny Rose
40%
LiverpoolHolland82Georginio Wijnaldum
40%
ArsenalSwizterland82Granit Xhaka
40%
Stoke CityEngland81Jack Butland
40%
Tottenham HotspurWales80Ben Davies
37%
Crystal PalaceBelgium81Christian Benteke
37%
LiverpoolBrazil84Fabinho
37%
Manchester UnitedBrazil80Fred
37%
West Ham UnitedEngland81Jack Wilshere
37%
LiverpoolEngland80James Milner
37%
Manchester UnitedArgentina82Marcos Rojo
37%
ArsenalBosnia-Herzegovina81Sead Kolasinac
37%
LiverpoolBelgium81Simon Mignolet
37%
LiverpoolEngland80Alex Oxlade-Chamberlain
33%
BournemouthBosnia-Herzegovina82Asmir Begovic
33%
Manchester CityFrance84Aymeric Laporte
33%
ArsenalGermany85Bernd Leno
33%
EvertonSenegal83Idrissa Gueye
33%
Manchester CityEngland82Joe Hart
33%
Manchester UnitedItaly80Matteo Darmian
33%
ArsenalSpain80Nacho Monreal
33%
Tottenham HotspurIvory Coast81Serge Aurier
33%
Manchester UnitedArgentina80Sergio Romero
33%
ChelseaFrance82Tiemoue Bakayoko
33%
Manchester CityChile82Claudio Bravo
30%
Leicester CityAlgeria82Islam Slimani
30%
LiverpoolGermany80Loris Karius
30%
West Ham UnitedItaly80Angelo Ogbonna
27%
Tottenham HotspurArgentina80Erik Lamela
27%
Manchester UnitedEngland80Jesse Lingard
27%
EvertonEngland82Leighton Baines
27%
LiverpoolEngland82Nathaniel Clyne
27%
EvertonRepublic of Ireland81Semaus Coleman
27%
Swansea CityGhana80Andre Ayew
23%
EvertonWales82Ashley Williams
23%
West Ham UnitedArgentina81Manuel Lanzini
23%
ArsenalEngland80Danny Welbeck
20%
EvertonHolland82Davy Klaassen
20%
WatfordBrazil80Heurelho Gomes
20%
BournemouthEngland80Jermain Defoe
20%
EvertonBelgium81Kevin Mirallas
20%
West Ham UnitedPoland80Lukasz Fabianski
20%
Crystal PalaceFrance81Mamadou Sakho
20%
Manchester UnitedEngland80Michael Carrick
20%
EvertonFrance83Morgan Schneiderlin
20%
West Ham UnitedFrance81Patrice Evra
20%
ChelseaEngland81Ross Barkley
20%
West Bromwich AlbionVenezuela80Salomon Rondon
20%
ArsenalSwitzerland82Stephan Lichtsteiner
20%
EvertonEngland80Theo Walcott
20%
EvertonEngland81Michael Keane
17%
West Ham UnitedEngland80Michail Antonio
17%
WatfordArgentina80Roberto Pereyra
17%
WatfordSpain82Gerard Deulofeu
13%
West Ham UnitedPortugal80Jose Fonte
13%
Leicester CitySpain82Vicente Iborra
13%
EvertonTurkey80Cenk Tosun
10%
EvertonRepublic of Ireland80James McCarthy
10%
EvertonEngland80Phil Jagielka
10%
Leicester CityPortugal80Ricardo Pereira
10%
WatfordEngland80Ben Foster
7%
BurnleyEngland80Tom Heaton
7%
SouthamptonEngland80Ryan Bertrand
3%

Score Distribution

Percentile by Number Answered

Percent of People with Each Score

Your Score History

You have not taken this quiz